Fluid mechanics (Record no. 2599)

000 -LEADER
fixed length control field 01774nam a2200229Ia 4500
008 - FIXED-LENGTH DATA ELEMENTS--GENERAL INFORMATION
fixed length control field 200103s 1998 ||||xx |||||||||||||| ||und||
020 ## - INTERNATIONAL STANDARD BOOK NUMBER
International Standard Book Number 9780071156004
082 ## - DEWEY DECIMAL CLASSIFICATION NUMBER
Classification number 620.106
Item number STR
100 ## - MAIN ENTRY--PERSONAL NAME
Personal name Streeter, Victor L.
245 #0 - TITLE STATEMENT
Title Fluid mechanics
250 ## - EDITION STATEMENT
Edition statement 9th
260 ## - PUBLICATION, DISTRIBUTION, ETC. (IMPRINT)
Name of publisher, distributor, etc McGraw Hill
Date of publication, distribution, etc 1998
Place of publication, distribution, etc New York
300 ## - PHYSICAL DESCRIPTION
Extent xi, 740 p.: col. ill.
504 ## - BIBLIOGRAPHY, ETC. NOTE
Bibliography, etc Table of Contents<br/><br/>pt. 1. Fundamentals of Fluid Mechanics and Transport<br/>Ch. 1. Fluid Properties<br/>Ch. 2. Fluid Statics<br/>Ch. 3. Fluid Flow Concepts and Basic Control Volume Equations<br/>Ch. 4. Basic Governing Differential Equations<br/>Ch. 5. Dimensional Analysis and Dynamic Similitude<br/>Ch. 6. Viscous Flow: Pipes and Channels<br/>Ch. 7. External Flows<br/>Ch. 8. Ideal-Fluid Flow<br/>Ch. 9. Transport by Advection and Diffusion<br/>pt. 2. Applications of Fluid Mechanics and Transport<br/>Ch. 10. Measurements<br/>Ch. 11. Turbomachinery<br/>Ch. 12. Closed-Conduit Flow<br/>Ch. 13. Flow in Open Channels<br/>Ch. 14. Applications of Transport Phenomena<br/>App. A. Force Systems, Moments, and Centroids<br/>App. B. Computer Programming Aids<br/>App. C. Physical Properties of Fluids<br/>App. D. Variable Notation<br/>App. E. Vector Operations and Notation<br/>App. F Answers to Even-Numbered Problems
520 ## - SUMMARY, ETC.
Summary, etc The ninth edition of this most acclaimed book includes heat and mass transport coverage and presents complex problem solutions in Microsoft Excel. The useful division of the book into two parts, the first on fundamentals and the second on applications, helps learner grasp and correlate the theory and applications in most systematic way.
650 ## - SUBJECT ADDED ENTRY--TOPICAL TERM
Topical term or geographic name as entry element Fluid properties
650 ## - SUBJECT ADDED ENTRY--TOPICAL TERM
Topical term or geographic name as entry element Fluid Statics
650 ## - SUBJECT ADDED ENTRY--TOPICAL TERM
Topical term or geographic name as entry element Turbomachinery
700 ## - ADDED ENTRY--PERSONAL NAME
Personal name Wylie, E. Benjamin
Relator term Co-author
700 ## - ADDED ENTRY--PERSONAL NAME
Personal name Bedford, Keith W.
Relator term Co-author
942 ## - ADDED ENTRY ELEMENTS (KOHA)
Item type Books
Holdings
Withdrawn status Lost status Source of classification or shelving scheme Damaged status Not for loan Collection code Permanent location Current location Shelving location Date acquired Full call number Barcode Date last seen Koha item type Public note
          Non-fiction IMU-MPC Library IMU-MPC Library General Stacks 2020-01-08 620.106 STR LBS11069 2025-03-17 Books Column - 27
Copyright © 2021 Indian Maritime University, Mumbai Port Campus. All Rights Reserved. Managed & Maintained by Central Library, IMU-Mumbai

webs counters

Powered by Koha